000 00687nam a22002057a 4500
999 _c9452
_d9452
003 AR-CdUCM
008 190328b ||||| |||| 00| 0 spa d
040 _aMUNICIPALIDAD PROVINCIAL DEL CUSCO
_cBIBLIOTECA MUNICIPAL DEL CUSCO
082 _24ed.
_a430.6 /
_bB73 / 1868
100 _aBooch-Árkossy, Federico
_925648
245 _aNuevo diccionario de las lenguas castellana y alemana :
_bel mas completo que se ha publicado hasta el día /
260 _bTeubner,
_c1868.
300 _a1120 paginas ;
_c18 cm.
505 _aContenido : t.1 :Diccionario
650 _aDicionario
_918838
650 _aCatellano
_914217
650 _aAleman
_97606
942 _2ddc
_cLIBROS
945 _awnts